000 00884nam a22002417a 4500
005 20100819120340.0
008 090109t xxu||||| |||| 00| 0urd d
010 _a UR-7780
020 _c150.00
035 _aU-6335
040 _adpl
_burd
082 _a840
100 _912785
_aمحمّد بن علی المسدوسی نادر
245 _aفکروآگہی /
_cمحمّد بن علی المسدوسی نادر
246 _aFikr-e-o-Aagahy /
_bcompiled by Raseed Durani, Alim Parwaj
260 _aحیدرآباد
_c2006
_bدائرہ آفسٹ پریس
270 _aChhatta Bazar
_bHyderabad
300 _a168 ص
_c22 س م (Pbk)
650 _2critisim
_912786
700 _913044
942 _2ddc
_cUR
_h840
_mم ح م
999 _c42521
_d42521